000 00357 a2200157 4500
001 75201
020 _a
040 _cAnchieta - Colégio São Paulo
100 _aBarbosa, Rogério Andrade
240 1 0 _aNas asas da liberdade
_lpor
245 1 0 _aNas asas da liberdade
300 _a[22]
362 0 _a2006
650 4 _aLiteratura juvenil
942 _cBK
999 _c75201
_d75201